000 00946nam a2200277 a 4500
008
020 _a0863410537 (hbk.)
049 _aMAIN
090 _aTS191.8
245 0 0 _aRobots and automated manufacture /
_cedited by J. Billingsley.
260 _aLondon, UK :
_bP. Peregrinus on behalf of the Institution of Electrical Engineers,
_cc1985.
300 _axii, 233 p. :
_bill. ;
_c23 cm.
440 _aIEE control engineering series ;
_v28
500 _aIncludes index.
504 _aIncludes bibliographical references.
650 0 _aRobots, Industrial.
650 0 _aFactories
_xAutomation.
653 _aManufactured goods
_aAssembly
_aApplications of industrial robots
700 1 _aBillingsley, J.
710 2 _aInstitution of Electrical Engineers.
907 _a.b10069951
_b05-09-05
_c17-04-03
003
005 20230123133840.0
040 _cNUST
942 _cBOOKS
_kTS191.8
999 _c155669
_d155669